000 00795nam a2200217 a 4500
999 _c6853
_d6853
001 6853
003 BD-JhCC
005 20180303170523.0
008 180131s1992 b ||||| |||| 00| 0 ben d
035 _a(BD-JhCC)
040 _aBD-JhCC
_dBD-JhCC
041 _aben
082 _a320.9
_bCHA 1992
100 _aচৌধুরী, আব্দুল গাফফার
245 _aবাংলাদেশ সিভিল ও আর্মি ব্যুরোক্রোসির লড়াই /
_cআব্দুল গাফফার চৌধুরী, আব্দুল আলিম
260 _aঢাকা :
_bনওরোজ সাহিত্য,
_c১৯৯২.
300 _a79 p. :
_c22cm.
650 _aPolitics and goverment
_zBangaldesh
942 _2ddc
_cBK